000 00654nam a22002297a 4500
003 UA-OsUOA
001 31836
007 ta
008 20050112b un ||||| |||| 00| 0 ukr d
100 _aФомин В. Т.
090 _a94(430)
_bФ75
942 _cBK
040 _aUA-OsUOA
_brus
_cUA-OsUOA
_dUA-OsUOA
245 _aАгрессия фашистской Германии в Европе
_b1933-1939 гг.
955 _a0
041 _arus
080 _a94(430)
260 _aМосква
_bИздательство социально-єкономической литературы
_c1963
044 _aRU
650 7 _2UDC
999 _c318270
_d318270